000
00309nam a2200133Ia 4500
008
230818s2002 xx 000 0 und d
041
_a
eng
100
_a
Ali
245
_a
Success full managers hand book
260
_b
Dorling pub.
_c
2002
300
_a
864p
520
_a
Reference Copy
999
_c
851994
_d
851994
650
_a
General